[Event "Issykkul op-A"]
[Site "Korumdu"]
[Date "2025.06.28"]
[Round "8"]
[White "Minkhajdarov, Ruslan"]
[Black "Ibrayev, Nurlan"]
[Result "0-1"]
[WhiteElo "2073"]
[BlackElo "2379"]
[PlyCount "94"]
[EventDate "2025.06.21"]
[EventType "swiss"]
[EventRounds "9"]
[EventCountry "KGZ"]
[SourceTitle "CB27_2025"]
[SourceDate "2025.07.02"]
[SourceVersion "1"]
[SourceVersionDate "2025.07.02"]
[SourceQuality "1"]

1. e4 c5 2. Nf3 d6 3. d4 cxd4 4. Nxd4 Nf6 5. Nc3 a6 6. Bg5 e6 7. Qf3 h6 8. Bd2 Qb6 9. Nb3 Nbd7 10. Be2 Qc7 11. a4 b6 12. Qg3 Bb7 13. Bd3 Ne5 14. 0-0 g5 15. f3 Be7 16. Qf2 Nfd7 17. Qe2 Ng6 18. g3 Rg8 19. Kh1 Bf6 20. Rad1 Nde5 21. f4 gxf4 22. gxf4 Nxd3 23. cxd3 Qd7 24. Be3 Bxc3 25. bxc3 d5 26. Nd2 dxe4 27. dxe4 Qxa4 28. Bd4 Qc6 29. Rb1 b5 30. c4 Qd6 31. Be3 Bc6 32. cxb5 axb5 33. Rxb5 Bxb5 34. Qxb5+ Qd7 35. Qb6 Ne7 36. Nc4 Qd3 37. Nd6+ Kf8 38. Re1 Qc2 39. Bf2 Qc6 40. Qb4 Ra4 41. Qb8+ Kg7 42. Qb2+ Kh7 43. Nxf7 Ng6 44. Qe2 Nxf4 45. Qe3 Qc7 46. Qb3 Qxf7 47. Qxa4 Nd3 0-1

[Event "Issykkul op-A"]
[Site "Korumdu"]
[Date "2025.06.26"]
[Round "6"]
[White "Minkhajdarov, Ruslan"]
[Black "Karimov, Alisher"]
[Result "0-1"]
[WhiteElo "2073"]
[BlackElo "2317"]
[PlyCount "68"]
[EventDate "2025.06.21"]
[EventType "swiss"]
[EventRounds "9"]
[EventCountry "KGZ"]
[SourceTitle "CB27_2025"]
[SourceDate "2025.07.02"]
[SourceVersion "1"]
[SourceVersionDate "2025.07.02"]
[SourceQuality "1"]

1. e4 c5 2. Nf3 d6 3. d4 cxd4 4. Nxd4 Nf6 5. Nc3 a6 6. Bg5 e6 7. Qf3 Be7 8. g4 Nbd7 9. Be2 Qa5 10. Bd2 Qb6 11. Nb3 Ne5 12. Qg2 Qc7 13. f4 Nc4 14. Bxc4 Qxc4 15. 0-0-0 Nd7 16. Rhf1 b5 17. e5 d5 18. f5 a5 19. Rf4 Qc7 20. fxe6 fxe6 21. Nxd5 exd5 22. Qxd5 Ra6 23. Qf7+ Kd8 24. Nd4 Rf8 25. Ne6+ Rxe6 26. Qxe6 Ke8 27. Rdf1 Rxf4 28. Rxf4 Nf6 29. Qb3 Qxe5 30. Rf1 a4 31. Qf3 Bxg4 32. Qa8+ Kf7 33. Re1 Qd5 34. Qa7 Bd7 0-1

[Event "Issykkul op-A"]
[Site "Korumdu"]
[Date "2025.06.25"]
[Round "5"]
[White "Zheenbekov, Nurgazi"]
[Black "Minkhajdarov, Ruslan"]
[Result "1/2-1/2"]
[WhiteElo "2130"]
[BlackElo "2073"]
[PlyCount "88"]
[EventDate "2025.06.21"]
[EventType "swiss"]
[EventRounds "9"]
[EventCountry "KGZ"]
[SourceTitle "CB27_2025"]
[SourceDate "2025.07.02"]
[SourceVersion "1"]
[SourceVersionDate "2025.07.02"]
[SourceQuality "1"]

1. e4 c5 2. Nf3 d6 3. c3 Nf6 4. Be2 Bg4 5. 0-0 g6 6. Re1 Bg7 7. Bb5+ Nfd7 8. h3 Bxf3 9. Qxf3 0-0 10. Qd1 a6 11. Bf1 Nc6 12. a4 Qc7 13. Na3 Rfd8 14. Nc2 Rac8 15. d3 e6 16. Bg5 Bf6 17. Bc1 Bg7 18. Ne3 b5 19. Ng4 b4 20. Bd2 bxc3 21. bxc3 Nde5 22. Nh2 d5 23. f4 Nd7 24. e5 d4 25. c4 Re8 26. Ng4 Rb8 27. Be2 Ne7 28. Nf2 Nf5 29. Bf3 f6 30. exf6 Nxf6 31. Rb1 Bh6 32. Rxb8 Qxb8 33. Bc6 Re7 34. Ng4 Nxg4 35. Qxg4 Qb2 36. Qe2 e5 37. Bd5+ Kg7 38. Be4 Bxf4 39. Bxf5 Qxd2 40. Be4 Be3+ 41. Kh2 Rf7 42. Qxd2 Bxd2 43. Re2 Bc3 44. Bd5 Re7 1/2-1/2

[Event "Chigorin Memorial 31st"]
[Site "St Petersburg"]
[Date "2024.10.27"]
[Round "2"]
[White "Minkhajdarov, Ruslan"]
[Black "Gitelson, Arkady"]
[Result "0-1"]
[WhiteElo "1964"]
[BlackElo "2319"]
[PlyCount "60"]
[EventDate "2024.10.26"]
[EventType "swiss"]
[EventRounds "9"]
[EventCountry "RUS"]
[SourceTitle "CB45_2024"]
[Source "ChessBase"]
[SourceDate "2024.11.06"]
[SourceVersion "1"]
[SourceVersionDate "2024.11.06"]
[SourceQuality "1"]

1. e4 c6 2. d4 d5 3. e5 Bf5 4. c4 e6 5. Nc3 Bb4 6. a3 Bxc3+ 7. bxc3 dxc4 8. Bxc4 Ne7 9. a4 c5 10. Ne2 Nd7 11. 0-0 0-0 12. a5 Rc8 13. Bb5 cxd4 14. cxd4 Bc2 15. Qd2 a6 16. Bxd7 Qxd7 17. Ba3 Rfd8 18. Rac1 Ba4 19. Rxc8 Rxc8 20. Rc1 Bc6 21. Bc5 Ng6 22. Qg5 h6 23. Qg3 Qd8 24. Ra1 Nh4 25. f3 Bb5 26. Nc3 Rxc5 27. dxc5 Qd4+ 28. Qf2 Qxc3 29. Rd1 Ng6 30. Rd8+ Kh7 0-1

[Event "GEO World Cup-B U12"]
[Site "Batumi"]
[Date "2024.06.27"]
[Round "5"]
[White "Minkhajdarov, Ruslan"]
[Black "Yusupov, Rauf"]
[Result "1-0"]
[WhiteElo "1921"]
[BlackElo "1800"]
[PlyCount "39"]
[EventDate "2024.06.23"]
[EventType "swiss"]
[EventRounds "7"]
[EventCountry "GEO"]
[SourceTitle "EXT 2025"]
[Source "ChessBase"]
[SourceDate "2024.10.14"]
[SourceVersion "1"]
[SourceVersionDate "2024.10.14"]
[SourceQuality "1"]

1. e4 e5 2. Nf3 Nf6 3. Nxe5 d6 4. Nf3 Nxe4 5. d4 d5 6. Bd3 Bd6 7. 0-0 0-0 8. c4 c6 9. Nc3 Nxc3 10. bxc3 dxc4 11. Bxc4 Bf5 12. Bg5 Qc7 13. Nh4 Bxh2+ 14. Kh1 Bf4 15. Nxf5 Bxg5 16. f4 Bf6 17. Qh5 g6 18. Qh6 Re8 19. Rf3 b5 20. Rh3 1-0

[Event "Moscow-ch op Superfinal"]
[Site "Ershovo"]
[Date "2024.02.26"]
[Round "5"]
[White "Miroshnik, Ekaterina"]
[Black "Minkhajdarov, Ruslan"]
[Result "1/2-1/2"]
[WhiteElo "2125"]
[BlackElo "1956"]
[PlyCount "131"]
[EventDate "2024.02.23"]
[EventType "swiss"]
[EventRounds "10"]
[EventCountry "RUS"]
[SourceTitle "CBM 219 Extra"]
[Source "ChessBase"]
[SourceDate "2024.05.31"]
[SourceVersion "1"]
[SourceVersionDate "2024.05.31"]
[SourceQuality "1"]

1. d4 Nf6 2. c4 e6 3. Nc3 Bb4 4. e3 0-0 5. Bd3 c5 6. Nge2 d5 7. cxd5 exd5 8. a3 Bxc3+ 9. bxc3 Re8 10. 0-0 Nc6 11. f3 Qd6 12. Ng3 h5 13. Nf5 Bxf5 14. Bxf5 b5 15. Re1 a5 16. Bb2 Rad8 17. a4 b4 18. dxc5 Qxc5 19. cxb4 axb4 20. Rc1 Qd6 21. Bd3 Re6 22. Bb5 Na7 23. Bd4 Nxb5 24. axb5 Rb8 25. Qd3 Qd7 26. Rc5 Rc8 27. Rec1 Ree8 28. Qb3 Rxc5 29. Rxc5 h4 30. Qxb4 h3 31. Qd2 Qf5 32. Rc1 Nd7 33. b6 Rb8 34. Qb2 Qg6 35. Kh1 Nxb6 36. gxh3 Nd7 37. Qg2 Rb1 38. Qxg6 Rxc1+ 39. Qg1 Rxg1+ 40. Kxg1 f6 41. Kg2 Kf7 42. Kg3 Nf8 43. Kg4 Kg6 44. h4 Ne6 45. h5+ Kf7 46. Bb2 Nc5 47. Kf5 Nd3 48. Bc3 Nf2 49. h4 Nd3 50. h6 g6+ 51. Kg4 Nc5 52. h7 Kg7 53. Bxf6+ Kxh7 54. Be7 Nd3 55. Bd6 Kg7 56. Kg5 Ne1 57. Kg4 Nd3 58. f4 Kf6 59. Kf3 Kf5 60. Ba3 Ne1+ 61. Ke2 Ng2 62. Kf2 Nxh4 63. Kg3 g5 64. fxg5 Ng6 65. Bc1 Kxg5 66. e4+ 1/2-1/2

[Event "Asia-ch U12"]
[Site "Al Ain"]
[Date "2023.12.18"]
[Round "6"]
[White "Endo, Shuma"]
[Black "Minkhajdarov, Ruslan"]
[Result "0-1"]
[WhiteElo "1692"]
[BlackElo "1991"]
[PlyCount "100"]
[EventDate "2023.12.14"]
[EventType "swiss"]
[EventRounds "9"]
[EventCountry "UAE"]
[SourceTitle "EXT 2025"]
[Source "ChessBase"]
[SourceDate "2024.10.14"]
[SourceVersion "1"]
[SourceVersionDate "2024.10.14"]
[SourceQuality "1"]

1. d4 d5 2. Nc3 Nf6 3. Bf4 c5 4. e3 cxd4 5. exd4 a6 6. f3 Nc6 7. Bd3 Qb6 8. Nge2 Bd7 9. Be3 e6 10. a3 Bd6 11. Bf2 Rc8 12. 0-0 0-0 13. Rb1 Qc7 14. Bg3 Bxg3 15. hxg3 Kh8 16. f4 Qb6 17. Na4 Qd8 18. c3 Ng4 19. Rf3 f5 20. Nc5 Rc7 21. Kh1 Rf6 22. Ng1 Be8 23. Nh3 Bh5 24. Be2 Re7 25. Rd3 Qe8 26. Kg1 h6 27. Nf2 Rg6 28. Nxg4 Bxg4 29. Bxg4 Rxg4 30. Re3 g5 31. fxg5 hxg5 32. Kf2 e5 33. dxe5 d4 34. Re2 Rxe5 35. Qh1+ Kg8 36. Rbe1 Qe7 37. Nd3 Ree4 38. Qh5 Qf6 39. Nc5 Ne5 40. Qe8+ Kh7 41. Rh1+ Rh4 42. Rxh4+ gxh4 43. Nxe4 fxe4+ 44. Kg1 hxg3 45. Qh5+ Kg7 46. Qh3 Qf4 47. Rd2 e3 48. Re2 d3 49. Qe6 dxe2 50. Qe7+ Nf7 0-1

[Event "Asia-ch U12"]
[Site "Al Ain"]
[Date "2023.12.16"]
[Round "3"]
[White "Minkhajdarov, Ruslan"]
[Black "Momunaliev, Ruslan"]
[Result "0-1"]
[WhiteElo "1991"]
[BlackElo "1824"]
[PlyCount "104"]
[EventDate "2023.12.14"]
[EventType "swiss"]
[EventRounds "9"]
[EventCountry "UAE"]
[SourceTitle "EXT 2025"]
[Source "ChessBase"]
[SourceDate "2024.10.14"]
[SourceVersion "1"]
[SourceVersionDate "2024.10.14"]
[SourceQuality "1"]

1. e4 c5 2. Nf3 e6 3. d4 cxd4 4. Nxd4 Nc6 5. Nc3 Qc7 6. Nxc6 dxc6 7. Bd3 e5 8. 0-0 Bc5 9. Kh1 Nf6 10. Qe2 0-0 11. Bg5 Nd7 12. Rae1 Re8 13. Qd2 Nf8 14. Be3 Bd6 15. Ne2 Ng6 16. c4 Qe7 17. Rc1 Bc5 18. Ng3 Rd8 19. Rfd1 Bg4 20. f3 Bxe3 21. Qxe3 Be6 22. Nf5 Qb4 23. b3 Qa5 24. Bb1 Rxd1+ 25. Rxd1 Rd8 26. Rxd8+ Qxd8 27. Qe1 Bxf5 28. exf5 Nf8 29. g3 Qd4 30. Be4 Nd7 31. Qe2 Nc5 32. Kg2 a5 33. Qc2 f6 34. h4 h6 35. Kh2 Kf7 36. Kg2 Ke7 37. Kh2 Kd7 38. Kg2 Kc7 39. Kh2 Qe3 40. Kg2 Na6 41. Qb2 Nc5 42. Qc2 Na6 43. Qf2 Qc3 44. Qc2 Qe3 45. Qf2 Qc3 46. Qc2 Qd4 47. Qe2 Qa1 48. Qd2 Nb4 49. a4 Qd4 50. Qxd4 exd4 51. Kf2 Kd6 52. f4 Kc5 0-1

[Event "Wch U12"]
[Site "Sharm El Sheikh"]
[Date "2023.10.25"]
[Round "10"]
[White "Dau, Khuong Duy"]
[Black "Minkhajdarov, Ruslan"]
[Result "1-0"]
[WhiteElo "2277"]
[BlackElo "1905"]
[PlyCount "100"]
[EventDate "2023.10.16"]
[EventType "swiss"]
[EventRounds "11"]
[EventCountry "EGY"]
[SourceTitle "EXT 2025"]
[Source "ChessBase"]
[SourceDate "2024.10.14"]
[SourceVersion "1"]
[SourceVersionDate "2024.10.14"]
[SourceQuality "1"]

1. e4 c5 2. Nc3 a6 3. a3 d6 4. g3 Nc6 5. Bg2 g6 6. Nge2 Bg7 7. 0-0 e6 8. b4 Nge7 9. Rb1 0-0 10. f4 cxb4 11. axb4 e5 12. Kh1 Kh8 13. d3 Be6 14. Nd5 Bg4 15. Ne3 Bxe2 16. Qxe2 f5 17. fxe5 dxe5 18. c3 f4 19. gxf4 exf4 20. Nd5 g5 21. Nxe7 Nxe7 22. d4 Ng6 23. Bf3 Nh4 24. Bd2 Qd7 25. Rg1 h6 26. Be1 Nxf3 27. Qxf3 Rae8 28. Bd2 Qc6 29. Rbe1 Qg6 30. h4 Bf6 31. Re2 Rf7 32. e5 Bd8 33. c4 Rg7 34. d5 Rf8 35. Reg2 Qf5 36. Bc3 Rfg8 37. e6 Bf6 38. Bxf6 Qxf6 39. hxg5 Rxg5 40. Rxg5 Rxg5 41. Rxg5 Qxg5 42. d6 Qf5 43. e7 Qb1+ 44. Kh2 Qb2+ 45. Qg2 Qe5 46. Qg6 Qe2+ 47. Kh3 Qf3+ 48. Kh4 Qf2+ 49. Kg4 Qg3+ 50. Kf5 Qd3+ 1-0

[Event "Wch U12"]
[Site "Sharm El Sheikh"]
[Date "2023.10.23"]
[Round "8"]
[White "Minkhajdarov, Ruslan"]
[Black "Nguyen, Manh Duc"]
[Result "1-0"]
[WhiteElo "1905"]
[BlackElo "1907"]
[PlyCount "236"]
[EventDate "2023.10.16"]
[EventType "swiss"]
[EventRounds "11"]
[EventCountry "EGY"]
[SourceTitle "EXT 2025"]
[Source "ChessBase"]
[SourceDate "2024.10.14"]
[SourceVersion "1"]
[SourceVersionDate "2024.10.14"]
[SourceQuality "1"]

1. e4 e5 2. Nf3 Nc6 3. Bb5 a6 4. Ba4 Nf6 5. 0-0 Be7 6. Re1 b5 7. Bb3 d6 8. c3 0-0 9. h3 Na5 10. Bc2 c5 11. d4 Qc7 12. d5 Nd7 13. Nbd2 Nb6 14. Nf1 Bd7 15. Ng3 Rfc8 16. b3 c4 17. b4 Nb7 18. Be3 a5 19. a3 Ra6 20. Nd2 Rca8 21. Nb1 Qd8 22. Qc1 Nc8 23. a4 axb4 24. cxb4 bxa4 25. Na3 Nb6 26. Qd2 Rc8 27. Rec1 h6 28. Bd1 Bg5 29. Be2 Raa8 30. Nf1 g6 31. Rc3 Kh7 32. Rac1 f5 33. exf5 gxf5 34. f3 Qg8 35. Bxc4 Bd8 36. Kh2 Nxc4 37. Rxc4 Qg6 38. Rxc8 Rxc8 39. Rxc8 Bxc8 40. f4 e4 41. Qc2 Bd7 42. b5 Qf7 43. Qd2 Ba5 44. Qd4 Nc5 45. Nc4 Bc7 46. b6 Bb8 47. Nfd2 Bb5 48. Na5 Kg6 49. Qh8 Qe8 50. Qxe8+ Bxe8 51. Nc6 Na6 52. Nc4 Bf7 53. Bd4 Kh7 54. Nxb8 Nxb8 55. Nxd6 Bxd5 56. Nxf5 Nc6 57. b7 Be6 58. Ne7 Nb8 59. Be5 Na6 60. b8Q Nxb8 61. Bxb8 e3 62. Kg3 Kg7 63. Nc6 Bd5 64. Be5+ Kf7 65. Nd4 Be4 66. Ne2 a3 67. Nc1 Bd5 68. f5 a2 69. h4 Ke7 70. Kf4 Bxg2 71. Kxe3 Bd5 72. Kd2 Kf7 73. Ne2 Be4 74. Ng3 Bxf5 75. Bb2 Ke6 76. Ke3 Bc2 77. Ba1 Kf7 78. Kd4 Kg6 79. Ke5 h5 80. Ne4 Bd3 81. Nd2 Be2 82. Bd4 Bd3 83. Nb3 Bc4 84. Na1 Be2 85. Be3 Bd1 86. Kd4 Kf5 87. Bg5 Bf3 88. Kc3 Ke5 89. Kb2 Bd5 90. Nc2 Be4 91. Nb4 Kd4 92. Nxa2 Kc4 93. Nc3 Bd3 94. Nd1 Kd4 95. Kc1 Be2 96. Kd2 Bf3 97. Nf2 Bd5 98. Bf6+ Kc5 99. Ke3 Kd6 100. Kf4 Ke6 101. Kg5 Bf3 102. Nd3 Bd1 103. Nf4+ Kf7 104. Bd4 Bc2 105. Nxh5 Bd1 106. Nf6 Be2 107. Ng4 Bd1 108. h5 Bc2 109. h6 Kg8 110. Nf6+ Kh8 111. Kf4 Bb1 112. Ke5 Bc2 113. Kd6 Bb1 114. Ke7 Bc2 115. Kf8 Bb1 116. Ke8 Bg6+ 117. Kd8 Bb1 118. Bc5 Bh7 1-0

[Event "Khanty-Mansiysk Governor Cup 17th"]
[Site "Khanty-Mansiysk"]
[Date "2021.11.13"]
[Round "3"]
[White "Minkhajdarov, Ruslan"]
[Black "Grebnev, Aleksey"]
[Result "0-1"]
[WhiteElo "1571"]
[BlackElo "2469"]
[PlyCount "80"]
[EventDate "2021.11.11"]
[EventType "swiss"]
[EventRounds "9"]
[EventCountry "RUS"]
[SourceTitle "CBM 205 Extra"]
[Source "ChessBase"]
[SourceDate "2022.01.31"]
[SourceVersion "1"]
[SourceVersionDate "2022.01.31"]
[SourceQuality "1"]

1. e4 c5 2. Nf3 Nc6 3. d4 cxd4 4. Nxd4 Nf6 5. Nc3 d6 6. Bg5 Bd7 7. Qd2 Rc8 8. f3 a6 9. h4 b5 10. a3 Ne5 11. h5 h6 12. Be3 e6 13. Be2 Nc4 14. Bxc4 Rxc4 15. g4 Be7 16. Nce2 Qc7 17. c3 e5 18. Nc2 d5 19. exd5 Qb7 20. g5 hxg5 21. Bxg5 Qxd5 22. Qxd5 Nxd5 23. Bxe7 Kxe7 24. Rd1 Be6 25. Kf2 a5 26. Ne3 Nxe3 27. Kxe3 f5 28. Rd2 g5 29. Rdd1 a4 30. Rdg1 Kf6 31. h6 Rh4 32. Rxh4 gxh4 33. f4 Rxh6 34. fxe5+ Kxe5 35. Nd4 Bd5 36. Nf3+ Bxf3 37. Kxf3 h3 38. Rh1 h2 39. Re1+ Kd5 40. Kg2 h1Q+ 0-1